000 00311nam a22001337a 4500
020 _a81-7254-090-6
082 _a824
_bSAD/E
100 _aSADASIVA RAU,V. N
245 _aESSAYS FOR COLLEGE LEVEL& COMPETITIVE EXAMS
260 _aCHENNAI
_bSURA BOOKS
300 _a220
650 _aESSAYS
_zCHENNAI
942 _cBK
999 _c3730
_d3730